000 00440nam a2200133Ia 4500
008 231129s2002||||xx |||||||||||||| ||spa||
020 _a958-8025-42-7
040 _bspa
082 _a363.34 R436
245 0 _aEl resurgir del eje cafetero : lecciones de la reconstrucción fí­sica y social
260 _c2002
264 _aBogotá Colombia : Departamento Nacional de Planeación
942 _2ddc
_cBKS
999 _c12303
_d12303